<?xml version='1.0' encoding='UTF-8'?>
  <record xmlns="http://www.loc.gov/MARC21/slim">
    <leader>00000cam a2200000 i 4500</leader>
    <controlfield tag="001">ocm64268036</controlfield>
    <controlfield tag="003">OCoLC</controlfield>
    <controlfield tag="005">20250630152808.9</controlfield>
    <controlfield tag="008">870119s1696    ne            000 0 dut d</controlfield>
    <datafield tag="040" ind1=" " ind2=" ">
      <subfield code="a">NLGGC</subfield>
      <subfield code="b">dut</subfield>
      <subfield code="e">fobidrtb</subfield>
      <subfield code="c">NLGGC</subfield>
      <subfield code="d">L2U</subfield>
      <subfield code="d">OCLCO</subfield>
      <subfield code="d">OCLCA</subfield>
      <subfield code="d">OCLCQ</subfield>
      <subfield code="d">OCLCL</subfield>
      <subfield code="d">OCLCQ</subfield>
      <subfield code="d">OCLCL</subfield>
    </datafield>
    <datafield tag="029" ind1="0" ind2=" ">
      <subfield code="a">NLGGC</subfield>
      <subfield code="b">036226025</subfield>
    </datafield>
    <datafield tag="035" ind1=" " ind2=" ">
      <subfield code="a">(OCoLC)64268036</subfield>
    </datafield>
    <datafield tag="041" ind1="1" ind2=" ">
      <subfield code="a">dut</subfield>
      <subfield code="k">fre</subfield>
      <subfield code="k">lat</subfield>
      <subfield code="h">ara</subfield>
    </datafield>
    <datafield tag="082" ind1="1" ind2="4">
      <subfield code="a">297.12</subfield>
      <subfield code="q">OCoLC</subfield>
      <subfield code="1">https://id.oclc.org/worldcat/ddc/E3Y4PqKKy9mRf66hJ49DkrcYcg</subfield>
    </datafield>
    <datafield tag="130" ind1="0" ind2=" ">
      <subfield code="a">Koran.</subfield>
      <subfield code="l">Nederlands.</subfield>
    </datafield>
    <datafield tag="245" ind1="1" ind2="0">
      <subfield code="a">Mahomets Alkoran, /</subfield>
      <subfield code="c">door de hr. Du Ryer uit d'Arabische in de Fransche taal gestelt; benevens een tweevoudige beschryving van Mahomets leven; en een verhaal van des zelfs reis ten hemel, gelijk ook zyn Samenspraak met de Jood Abdias. Alles van nieuws door J.H. Glasemaker vertaalt, en te zamen gebracht.</subfield>
    </datafield>
    <datafield tag="246" ind1="3" ind2=" ">
      <subfield code="a">Tweevoudige beschrijving van Mahomets leeven</subfield>
    </datafield>
    <datafield tag="250" ind1=" " ind2=" ">
      <subfield code="a">Zynde den twede en laatste druk, met koopere plaaten verciert.</subfield>
    </datafield>
    <datafield tag="260" ind1=" " ind2=" ">
      <subfield code="a">t'Amsterdam, :</subfield>
      <subfield code="b">by Timotheus ten Hoorn ...,</subfield>
      <subfield code="c">1696.</subfield>
    </datafield>
    <datafield tag="300" ind1=" " ind2=" ">
      <subfield code="a">[12], 547 p., [6] bl. :</subfield>
      <subfield code="b">ill., gegrav. titelblad. ;</subfield>
      <subfield code="c">in-8.</subfield>
    </datafield>
    <datafield tag="336" ind1=" " ind2=" ">
      <subfield code="a">tekst</subfield>
      <subfield code="b">txt</subfield>
      <subfield code="2">rdacontent/dut</subfield>
    </datafield>
    <datafield tag="337" ind1=" " ind2=" ">
      <subfield code="a">zonder medium</subfield>
      <subfield code="b">n</subfield>
      <subfield code="2">rdamedia/dut</subfield>
    </datafield>
    <datafield tag="338" ind1=" " ind2=" ">
      <subfield code="a">band</subfield>
      <subfield code="b">nc</subfield>
      <subfield code="2">rdacarrier/dut</subfield>
    </datafield>
    <datafield tag="500" ind1=" " ind2=" ">
      <subfield code="a">Bevat ook: Tweevoudige beschrijving van Mahomets leeven.</subfield>
    </datafield>
    <datafield tag="530" ind1=" " ind2=" ">
      <subfield code="a">Titel is geselecteerd voor digitalisering voor de Universiteit van Leiden in het kader van het Google Books-project.</subfield>
    </datafield>
    <datafield tag="600" ind1="0" ind2="4">
      <subfield code="a">Muḥammad,</subfield>
      <subfield code="d">ca.570-632.</subfield>
      <subfield code="0">(NL-LeOCL)071289089</subfield>
    </datafield>
    <datafield tag="600" ind1="0" ind2="7">
      <subfield code="a">Muḥammad,</subfield>
      <subfield code="d">ca.570-632.</subfield>
      <subfield code="0">(NL-LeOCL)071289089</subfield>
      <subfield code="2">nta</subfield>
    </datafield>
    <datafield tag="700" ind1="1" ind2=" ">
      <subfield code="a">Du Ryer, André,</subfield>
      <subfield code="d">ca. 1580-ca. 1660.</subfield>
      <subfield code="1">https://id.oclc.org/worldcat/entity/E39PBJg4mK8yTfc6x6gPFkKDbd</subfield>
    </datafield>
    <datafield tag="700" ind1="1" ind2=" ">
      <subfield code="a">Glazemaker, J.H.</subfield>
      <subfield code="q">(Jan Hendrik),</subfield>
      <subfield code="d">ca. 1619-1682.</subfield>
      <subfield code="1">https://id.oclc.org/worldcat/entity/E39PCjyRXCYFrJcfkGpGdwcfpX</subfield>
    </datafield>
    <datafield tag="700" ind1="1" ind2=" ">
      <subfield code="a">Makīn b. al-ʿAmīd, Ǧirǧis al-</subfield>
      <subfield code="q">(Abū al-Yāsir Ǧirǧis),</subfield>
      <subfield code="d">1205-1273.</subfield>
      <subfield code="1">https://id.oclc.org/worldcat/entity/E39PBJvRY6xvwkMgbRbRy8Pfbd</subfield>
    </datafield>
    <datafield tag="700" ind1="1" ind2=" ">
      <subfield code="a">Erpenius, Thomas,</subfield>
      <subfield code="d">1584-1624.</subfield>
      <subfield code="1">https://id.oclc.org/worldcat/entity/E39PBJymDkdBVW8qqyQGKbDXh3</subfield>
    </datafield>
    <datafield tag="710" ind1="0" ind2=" ">
      <subfield code="a">Hoorn, Timotheus ten (Amsterdam)</subfield>
      <subfield code="4">prt</subfield>
      <subfield code="0">(NL-LeOCL)077130103</subfield>
    </datafield>
    <datafield tag="776" ind1="0" ind2=" ">
      <subfield code="t">Mahomets Alkoran,</subfield>
      <subfield code="w">(NL-LeOCL)411322141</subfield>
    </datafield>
    <datafield tag="936" ind1=" " ind2=" ">
      <subfield code="a">BATCHLOAD</subfield>
    </datafield>
  </record>